| 000 | 00514nam a22001457a 4500 | ||
|---|---|---|---|
| 999 |
_c60778 _d60778 |
||
| 005 | 20231020111441.0 | ||
| 008 | 231020s1986 ru ||||| |||| 00| 0 rus d | ||
| 041 | _arus | ||
| 080 | _a72 .025 C-18 | ||
| 100 |
_aСансоне, Вито _920158 |
||
| 245 |
_aКамни, которые надо спасти / _cВито Сансоне [Пер. с ит. / Послесл. О. А. Швидковского]. |
||
| 264 |
_aМосква: _bМысль, _c1986. |
||
| 300 |
_a236 с.: _bил. _c22 cm. |
||
| 942 |
_2udc _cBK |
||